00385nam a2200121 a 450000500170000000800410001705000180005810000170007624500310009326000540012430000290017844000560020720140414132018.0090512s19uu xx 00 eng d aTRbC34W 2006 aPrakash, Ved aWhy tease? /cVed Prakash. aKirti Nagar, New Delhi :bDreamland Pub.,cc2006. a24 p. : col., ill. ; cm. aDreamland's Character-Building Stories for Children